000
00481nam a2200169Ia 4500
008
110201s9999 xx 000 0 und d
082
_b
B694
_a
K 514
100
_a
शहाणे अशोक
245
_a
जन-अरण्य
260
_b
अमेय प्रकाशन
365
_b
25
600
_a
शहाणे अशोक
630
_a
जन-अरण्य
700
_a
शहाणे अशोक
730
_a
जन-अरण्य
942
_c
BOOK
999
_c
828120
_d
828117